| 000 | 02077nam a2200277Ia 4500 | ||
|---|---|---|---|
| 003 | OSt | ||
| 005 | 20210514122127.0 | ||
| 008 | 210310s2002 c ad gr 000 0ds d | ||
| 020 | _a958916224x | ||
| 040 |
_aCO-JMCR _cCO-JMCR |
||
| 041 | 0 | _aspa | |
| 082 | 0 | 4 |
_a336.2 / _bR696i _223 |
| 100 | 1 |
_aRodríguez Vargas, Francisco, _915717 _eautor |
|
| 245 | 1 | 0 |
_aInstituciones parafiscales y desarrollo economico y social : _bun análisis comparativo entre Colombia y Francia / _cFrancisco Rodríguez Vargas |
| 250 | _aPrimera edición | ||
| 260 |
_aBogotá : _bAcademia Colombiana de Ciencias Económicas : Ecosocial, _c2002 |
||
| 300 |
_aix, 224 páginas : _bilustraciones y gráficas a blanco y negro ; _c22 cm. |
||
| 490 | 0 | _aEstímulos | |
| 500 | _aIncluye notas a pie de página y datos biográficos del autor. | ||
| 504 | _aBibliografía: páginas 215-224 | ||
| 505 | 0 | _aLa sociedad civil y el estado -- La sociedad civil y sus organizaciones -- La economía social de mercado -- Corporativismo y neocorporativismo -- Las institucones parafiscales y la formación de la sociedad civil -- Las tasas parafiscales en Francia -- Las instutuciones parafiscales en Colombia -- Referecias a la parafiscalidad en América Latina | |
| 520 | 3 | _aInstituciones parafiscales y desarrollo económico y social- un análisis comparativo entre Colombia y Francia, es el resultado del trabajo permanente delñ autor sobre el tema de las asociaciones y la sociedad civil al cual ha dedicado sus esfuerzos que cristaalzaron en su tesis doctoral sustentada con máximos honores en 1995 en la Universid de Paris I Panthéon-Sorbonne. Este libro se deriva de este trabajo y avanza con un enfoque original en el propósito de contribuir al conocimiento de la teoría de la parafiscalidad como institución peculiar y método de intervención del Estado en la economía, que a su vez ha configurado organizaciones de la sociedad civil con importancia considerable para el desarrollo. | |
| 650 | 1 | 4 |
_aImpuestos _915719 _zColombia |
| 650 | 2 | 4 |
_aImpuestos _zFrancia _937640 |
| 942 |
_2ddc _cBK |
||
| 999 |
_c7883 _d7883 |
||